| 000 | 01568nam a2200421 c 4500 | ||
|---|---|---|---|
| 001 | 5389 | ||
| 003 | ES-MaCES | ||
| 005 | 20150925135747.0 | ||
| 008 | 970603s1997 sp ||| | spa d | ||
| 017 |
_aV-581-1997 _bDL |
||
| 020 | _a848002447X | ||
| 035 | _aCES19980054302m | ||
| 040 |
_aES-MaCES _bspa _cES-MaCES |
||
| 100 | 1 |
_aAgut García, Carmen _95715 |
|
| 245 | 1 | 3 |
_aEl sindicato en la empresa _b: (secciones y delegados sidicales) _cFernando Fita Ortega ; [con el patrocinio del] Comité Econòmic i Social de la Comunitat Valenciana |
| 260 |
_aValencia _bTirant lo Blanch _c1997 |
||
| 300 |
_a863 p. _c22 cm |
||
| 490 | 1 |
_aEconomía y empresa _v2 |
|
| 500 | _aPremio del Comité Económico y Social de la Comunidad Valenciana para Tesis Doctoral, convocatoria 195 | ||
| 541 | _cGratuito | ||
| 650 | 4 |
_aestructura sindical _929471 |
|
| 650 | 4 |
_aa nivel de la empresa _929185 |
|
| 650 | 4 |
_aderechos sindicales _929470 |
|
| 650 | 4 |
_arepresentante de los trabajadores _928374 |
|
| 650 | 4 |
_arepresentación de los trabajadores _928379 |
|
| 650 | 4 |
_anegociación colectiva _928362 |
|
| 650 | 4 |
_aparticipación de los trabajadores _928378 |
|
| 650 | 4 |
_aEspaña _926964 |
|
| 650 | 4 |
_arégimen jurídico _929894 |
|
| 650 | 4 |
_aderecho del trabajo _927165 |
|
| 653 | 1 | 0 | _aRelaciones laborales-Empleo |
| 650 | 4 |
_928377 _asindicato |
|
| 710 | 2 |
_aComité Económico y Social de la Comunidad Valenciana _92189 |
|
| 830 | 0 |
_aEconomía y empresa _v2 _932823 |
|
| 902 | _aLIB Libro | ||
| 942 |
_2CES _cBK _h2.0. |
||
| 999 |
_c5389 _d5389 |
||